[Event "CAT-ch Open-Women 2019"]
[Site "Platja de la Pineda"]
[Date "2019.04.20"]
[Round "5.4"]
[White "Asis Gargatagli, Hipolito"]
[Black "Garcia Ramos, Daniel"]
[Result "1/2-1/2"]
[WhiteElo "2529"]
[BlackElo "2286"]
[Annotator "TA"]
[PlyCount "42"]
[EventDate "2019.04.18"]
[EventType "swiss"]
[EventCountry "ESP"]
[SourceTitle "playchess.com"]
[Source "ChessBase"]
[SourceQuality "1"]

{[%evp 12,42,31,25,39,31,33,16,34,32,39,15,23,18,20,0,0,0,0,0,0,0,0,0,0,0,17,2,8,5,33,17,27]} 1. e4 e5 2. Nf3 Nc6 3. Bc4 Bc5 4. O-O Nf6 5. d3 d6 6. c3 Bb6 7. a4 a6 {C54: Giuoco Piano: 4 c3 Nf6, main lines with 5 d4 and 5 d3} 8. Nbd2 (8. Re1 Ne7 9. a5 Ba7 10. h3 Ng6 11. d4 O-O 12. Nbd2 h6 13. Bd3 Nh5 14. Nf1 Nhf4 15. Bc2 {1-0 (35) Cheparinov,I (2702)-Zhao,J (2601) China 2018}) 8... O-O 9. Bb3 Ne7 10. Nc4 Ba7 11. Be3 Bxe3 $146 ({Predecessor:} 11... Ng6 12. Qd2 Bg4 13. Ne1 Be6 14. Bxa7 Rxa7 15. Qe3 Ra8 16. Nd2 Bxb3 17. Nxb3 {0-1 (66) Glud,J (2176)-Pedersen,D (2357) Horsens 2003}) 12. Nxe3 Ng6 13. Qc2 Re8 14. Ng5 Re7 15. d4 h6 16. Nf3 $1 exd4 17. Nxd4 Rxe4 18. Nd5 {[#] Black must now prevent Nxf6+.} Re5 19. Nxc7 $1 Qxc7 20. Qxg6 $1 d5 21. Qg3 Qe7 {Accuracy: White = 48%, Black = 65%.} 1/2-1/2

[Event "CAT-ch Open-Women 2019"]
[Site "Platja de la Pineda"]
[Date "2019.04.20"]
[Round "5.4"]
[White "Montilla Carrillo, Esteban"]
[Black "Ruiz Herrero, Victor"]
[Result "1-0"]
[WhiteElo "2178"]
[BlackElo "1924"]
[Annotator "ChessBase"]
[PlyCount "77"]
[EventDate "2019.04.18"]
[EventType "swiss"]
[EventCountry "ESP"]
[SourceTitle "playchess.com"]
[Source "ChessBase"]
[SourceQuality "1"]
[TimeControl "5400+30"]

1. d4 Nf6 2. Nf3 g6 3. g3 Bg7 4. Bg2 O-O 5. O-O d6 6. c4 Nc6 7. Nc3 a6 8. Re1 Rb8 9. e4 Bg4 10. h3 Bxf3 11. Bxf3 e5 12. d5 Nd4 13. Bg2 c5 14. dxc6 bxc6 15. b3 c5 16. Be3 Ne8 17. Qd2 Nc7 18. Rad1 Qe7 19. g4 f6 20. f4 Bh6 21. f5 Bxe3+ 22. Rxe3 g5 23. h4 h6 24. Rh3 Kg7 25. Kf2 Rh8 26. Rdh1 Qd7 27. R1h2 Rbg8 28. Qd1 Qc8 29. Qh1 Qb8 30. hxg5 Qb4 31. g6 Qa3 32. Qb1 Rb8 33. Rxh6 Rxh6 34. Rxh6 Nxb3 35. Rh7+ Kg8 36. Rh8+ Kg7 37. Rxb8 Na5 38. Qb2 Qxb2+ 39. Rxb2 1-0

[Event "CAT-ch Open-Women 2019"]
[Site "Platja de la Pineda"]
[Date "2019.04.20"]
[Round "5.5"]
[White "Chueca Forcen, Alberto"]
[Black "Moskalenko, Viktor"]
[Result "0-1"]
[WhiteElo "2270"]
[BlackElo "2515"]
[Annotator "TA"]
[PlyCount "64"]
[EventDate "2019.04.18"]
[EventType "swiss"]
[EventCountry "ESP"]
[SourceTitle "playchess.com"]
[Source "ChessBase"]
[SourceQuality "1"]

{[%evp 9,85,33,25,33,36,-2,-4,-15,-8,-14,-16,-11,-10,-9,0,-18,-16,-19,0,-9,0,-21,-12,-52,-44,-54,-56,-51,-38,-58,-35,-76,-39,-62,-38,-62,-44,-206,-197,-194,-202,-205,-202,-200,-195,-183,-197,-221,-218,-289,-287,-336,-331,-456,-455,-636,-464,-1494,-1515,-29979,-1285,-1218,-1110,-29998,-29952,-29951,-29956,-4894,-4782,-29995,-29996,-29996,-29997,-29997,-29998,-29998,-29999,-29999]} 1. d4 f5 2. Bf4 d6 (2... Nf6 3. e3 e6 4. Nf3 Be7 5. h3 O-O 6. c4 d6 7. Nc3 Qe8 8. Be2 Nc6 9. Bh2 Bd7 10. a3 Qg6 11. Nh4 Qh6 12. Nf3 Qg6 13. Rg1 Ne4 {1-0 (59) Sjugirov,S (2663)-Amin,B (2710) St Petersburg 2018}) 3. e3 Nf6 4. Bc4 g6 5. h3 Bg7 6. Nf3 {A80: Dutch Defence: Unusual White second moves} e6 7. g4 Qe7 8. gxf5 {The position is equal.} exf5 9. Nc3 Nbd7 10. Qe2 Nb6 11. O-O-O $146 ({Predecessor:} 11. Bb3 Be6 12. Bg5 {0-1 (30) Pavlovic,M (2534)-Ulybin,M (2540) Biel 2010}) 11... Ne4 (11... a6 {seems wilder.} 12. Bb3 Be6 13. d5 Bf7 14. Rhg1 Rg8) 12. Nxe4 (12. Nd5 {is interesting.} Nxd5 13. Bxd5 c6 14. Bb3 a5 15. a4) 12... fxe4 13. Nd2 Bf5 14. Bb3 O-O-O 15. a4 a6 16. a5 Nd7 17. Qc4 Nf6 18. Qb4 Kb8 19. Kb1 Ka8 20. Rc1 Rhf8 21. h4 h6 22. Bh2 Bc8 23. f3 $2 ({White should try} 23. Rcf1 $15) 23... exf3 $19 {[%mdl 64] [#] Discovered Attack} 24. Nxf3 Ng4 25. Ne5 Nxe5 26. dxe5 Bxe5 27. Bxe5 Qxe5 28. Rcg1 Bf5 29. h5 g5 30. Rd1 Be4 ({Much less strong is} 30... Qxe3 31. Rhe1 $19) 31. Rhe1 g4 32. Rd4 Bxc2+ {Played: c7-c5} 0-1

[Event "CAT-ch Open-Women 2019"]
[Site "Platja de la Pineda"]
[Date "2019.04.20"]
[Round "5.5"]
[White "Gallego Montes, Antoni"]
[Black "Fernandez Aguilar, Francisco"]
[Result "1-0"]
[WhiteElo "1892"]
[BlackElo "2132"]
[Annotator "ChessBase"]
[PlyCount "59"]
[EventDate "2019.04.18"]
[EventType "swiss"]
[EventCountry "ESP"]
[SourceTitle "playchess.com"]
[Source "ChessBase"]
[SourceQuality "1"]
[TimeControl "5400+30"]

1. e4 c5 2. Nf3 d6 3. d4 cxd4 4. Nxd4 Nf6 5. Nc3 g6 6. Be3 Bg7 7. f3 O-O 8. Qd2 Nc6 9. Bc4 Bd7 10. O-O-O Rb8 11. g4 b5 12. Bb3 Na5 13. Bh6 Bxh6 14. Qxh6 b4 15. Nd5 Nxb3+ 16. Nxb3 Nxd5 17. exd5 e5 18. h4 f6 19. Nd2 Qa5 20. Kb1 Rb5 21. Ne4 Rxd5 22. g5 Rxd1+ 23. Rxd1 Qd8 24. Nxf6+ Rxf6 25. gxf6 Qxf6 26. Qg5 Qe6 27. Qd2 Bc6 28. Qxd6 Qxd6 29. Rxd6 Bxf3 30. Kc1 1-0

[Event "CAT-ch Open-Women 2019"]
[Site "Platja de la Pineda"]
[Date "2019.04.20"]
[Round "5.6"]
[White "Munoz, Miguel"]
[Black "Fernandez Diaz, Cristian"]
[Result "1-0"]
[WhiteElo "2509"]
[BlackElo "2237"]
[Annotator "RC"]
[PlyCount "73"]
[EventDate "2019.04.18"]
[EventType "swiss"]
[EventCountry "ESP"]
[SourceTitle "playchess.com"]
[Source "ChessBase"]
[SourceQuality "1"]
[TimeControl "5400+30"]

1. e4 e5 2. Nf3 Nc6 3. Bb5 a6 4. Ba4 Nge7 5. O-O g6 6. d4 exd4 7. Bxc6 Nxc6 8. Bg5 Be7 9. Bxe7 Qxe7 10. Nxd4 d6 11. Nc3 Be6 12. f4 O-O 13. Qd2 Qf6 14. Nxc6 bxc6 15. Rae1 Rae8 16. b3 Bc8 17. h3 Qg7 18. Qd3 c5 19. Nd5 f5 20. Qc4 Kh8 21. e5 Be6 22. Qd3 Rd8 23. Qf3 Qf7 24. Nf6 dxe5 25. fxe5 c4 26. Qe3 Qe7 27. Rf4 Qb4 28. Rh4 Rf7 29. c3 Qa5 30. Qh6 Qc5+ 31. Kh2 Qe7 32. Qxg6 Rg7 33. Qh6 cxb3 34. axb3 Rd3 35. Re3 Rd2 36. Rg3 Rd8 37. Rxg7 1-0

[Event "CAT-ch Open-Women 2019"]
[Site "Platja de la Pineda"]
[Date "2019.04.20"]
[Round "5.6"]
[White "Guerra Reig, Juan"]
[Black "Gomez Anadon, Daniel"]
[Result "0-1"]
[WhiteElo "1996"]
[BlackElo "2271"]
[Annotator "ChessBase"]
[PlyCount "111"]
[EventDate "2019.04.18"]
[EventType "swiss"]
[EventCountry "ESP"]
[SourceTitle "playchess.com"]
[Source "ChessBase"]
[SourceQuality "1"]
[TimeControl "5400+30"]

1. c4 e6 2. Nc3 d5 3. cxd5 exd5 4. d4 c6 5. Nf3 Nf6 6. Bf4 Bd6 7. Bxd6 Qxd6 8. e3 Bf5 9. Bd3 Bxd3 10. Qxd3 O-O 11. O-O Nbd7 12. Rfe1 Rfe8 13. e4 dxe4 14. Nxe4 Nxe4 15. Rxe4 Rxe4 16. Qxe4 Nf6 17. Qc2 Re8 18. Kf1 Qb4 19. Rd1 h6 20. Rd3 Nd5 21. a3 Qd6 22. Rd2 Nf4 23. Qf5 g6 24. Qg4 Qd5 25. h4 Qe4 26. Ne5 h5 27. Qf3 Qxf3 28. Nxf3 Rd8 29. g3 Ne6 30. Ke2 Rd5 31. Kd3 f6 32. Ke3 Kg7 33. Rd3 g5 34. hxg5 fxg5 35. Rb3 Rd7 36. Rb4 Kf6 37. Ra4 a6 38. Ne5 Re7 39. f4 gxf4+ 40. gxf4 Kf5 41. Rb4 Nxf4 42. Kf3 c5 43. dxc5 Nd5 44. Rh4 Kxe5 45. Rxh5+ Kd4 46. b4 Kc4 47. Rh6 Rc7 48. Ke4 Nc3+ 49. Ke5 Nb5 50. Rh3 Nxa3 51. Rh4+ Kb5 52. Kd6 Rc6+ 53. Kd5 Rc7 54. Rg4 Nc2 55. Kd6 Rc6+ 56. Ke5 0-1

[Event "CAT-ch Open-Women 2019"]
[Site "Platja de la Pineda"]
[Date "2019.04.20"]
[Round "5.7"]
[White "Martin Perez, Laura"]
[Black "Garcia De Blas, Esteban"]
[Result "0-1"]
[WhiteElo "2105"]
[BlackElo "1989"]
[Annotator "ChessBase"]
[PlyCount "102"]
[EventDate "2019.04.18"]
[EventType "swiss"]
[EventCountry "ESP"]
[SourceTitle "playchess.com"]
[Source "ChessBase"]
[SourceQuality "1"]
[TimeControl "5400+30"]

1. e4 e6 2. d4 d5 3. Nc3 Bb4 4. e5 c5 5. a3 Ba5 6. b4 cxb4 7. Nb5 Nc6 8. axb4 Bxb4+ 9. c3 Be7 10. Qg4 Kf8 11. Bd3 a6 12. Ne2 Rb8 13. Na3 b5 14. O-O Na5 15. Rb1 Qc7 16. h4 f5 17. Qh3 Nc4 18. Nc2 a5 19. g4 fxg4 20. Qxg4 b4 21. cxb4 axb4 22. Nf4 Rb6 23. Nh5 g6 24. Qf4+ Ke8 25. Ng7+ Kd8 26. Qf7 Qd7 27. Nh5 Bxh4 28. Qf8+ Kc7 29. Nf4 Qe7 30. Qxe7+ Bxe7 31. Bxc4 dxc4 32. d5 Bc5 33. d6+ Kd7 34. Ne3 Ba6 35. Bd2 c3 36. Rfc1 Nh6 37. Bxc3 bxc3 38. Rxb6 Bxb6 39. Rxc3 Rc8 40. Ra3 Bxe3 41. fxe3 Rc6 42. Nd3 Bxd3 43. Ra7+ Kd8 44. Rxh7 Rc1+ 45. Kg2 Be4+ 46. Kg3 Nf5+ 47. Kf4 Bc6 48. Rh8+ Be8 49. Kg5 Rf1 50. e4 Nd4 51. Rh7 Nc6 0-1

[Event "CAT-ch Open-Women 2019"]
[Site "Platja de la Pineda"]
[Date "2019.04.20"]
[Round "5.8"]
[White "Ventura Bolet, Alexandre"]
[Black "Valenzuela Gomez, Fernando"]
[Result "1-0"]
[WhiteElo "2191"]
[BlackElo "2406"]
[Annotator "ChessBase"]
[PlyCount "55"]
[EventDate "2019.04.18"]
[EventType "swiss"]
[EventCountry "ESP"]
[SourceTitle "playchess.com"]
[Source "ChessBase"]
[SourceQuality "1"]
[TimeControl "5400+30"]

1. Nf3 d6 2. d4 Nf6 3. g3 g6 4. Bg2 Bg7 5. O-O O-O 6. c4 Nc6 7. Nc3 Bd7 8. Bf4 Re8 9. d5 Na5 10. b3 c6 11. Rc1 cxd5 12. cxd5 Qb6 13. Qd3 Rec8 14. Be3 Qb4 15. Qd4 Qa3 16. Qh4 Rxc3 17. Rxc3 Nxd5 18. Rd3 Nxe3 19. fxe3 Bf6 20. Ng5 h5 21. b4 Qxa2 22. bxa5 Bg4 23. Rd4 Bxe2 24. Bd5 Qa3 25. Bxf7+ Kh8 26. Rxf6 Qc1+ 27. Kg2 exf6 28. Qf4 1-0

[Event "CAT-ch Open-Women 2019"]
[Site "Platja de la Pineda"]
[Date "2019.04.20"]
[Round "5.8"]
[White "Ros Alonso, Joana"]
[Black "Fernandez Fuentes, Fco. Javier"]
[Result "1-0"]
[WhiteElo "1954"]
[BlackElo "2090"]
[Annotator "NA"]
[PlyCount "101"]
[EventDate "2019.04.18"]
[EventType "swiss"]
[EventCountry "ESP"]
[SourceTitle "playchess.com"]
[Source "ChessBase"]
[SourceQuality "1"]
[TimeControl "5400+30"]

1. e4 c6 2. d4 d5 3. Nd2 dxe4 4. Nxe4 Nf6 5. Nxf6+ gxf6 6. Nf3 Bg4 7. c3 e6 8. g3 Bd6 9. Bg2 Nd7 10. O-O Qc7 11. Bh6 O-O-O 12. b4 Rhg8 13. a4 f5 14. b5 f4 15. bxc6 bxc6 16. Rb1 Rg6 17. Qd3 Qa5 18. Qc4 c5 19. Rb5 Nb6 20. Qxc5+ Bxc5 21. Rxa5 Bd6 22. Bg5 f6 23. Bh4 Rd7 24. Nd2 Rc7 25. Ne4 Be7 26. f3 Bf5 27. Rc1 Nc4 28. Rb5 a6 29. Rb3 Bxe4 30. fxe4 Bd6 31. Rcb1 fxg3 32. e5 gxh2+ 33. Kxh2 Be7 34. Rb8+ Kd7 35. R1b7 Rh6 36. Kg3 Ne3 37. Rxc7+ Kxc7 38. Rb7+ Kd8 39. Be4 Nf1+ 40. Kh3 f5 41. Rxe7 Rxh4+ 42. Kxh4 Kxe7 43. Bb7 a5 44. Kg5 Nd2 45. Bc6 h6+ 46. Kf4 Nb1 47. c4 Na3 48. Bb5 Nxb5 49. cxb5 Kd7 50. d5 exd5 51. b6 1-0

[Event "CAT-ch Open-Women 2019"]
[Site "Platja de la Pineda"]
[Date "2019.04.20"]
[Round "5.9"]
[White "Perez Mitjans, Orelvis"]
[Black "Ros Alonso, Jaume"]
[Result "1-0"]
[WhiteElo "2377"]
[BlackElo "2182"]
[Annotator "ChessBase"]
[PlyCount "57"]
[EventDate "2019.04.18"]
[EventType "swiss"]
[EventCountry "ESP"]
[SourceTitle "playchess.com"]
[Source "ChessBase"]
[SourceQuality "1"]
[TimeControl "5400+30"]

1. e4 c5 2. Nf3 e6 3. g3 Nc6 4. Bg2 Nf6 5. d3 Be7 6. O-O O-O 7. c3 e5 8. Na3 d5 9. Qe2 d4 10. c4 a6 11. Ne1 Rb8 12. f4 b5 13. f5 bxc4 14. Nxc4 Nd7 15. Nf3 a5 16. g4 h6 17. Qf2 Bg5 18. Bxg5 hxg5 19. h4 gxh4 20. g5 Ba6 21. b3 Bxc4 22. bxc4 Qe7 23. Bh3 Rb7 24. Qxh4 Rfb8 25. f6 Qd6 26. Bxd7 Rxd7 27. Rf2 Rdb7 28. Rh2 Rb1+ 29. Ne1 1-0

[Event "CAT-ch Open-Women 2019"]
[Site "Platja de la Pineda"]
[Date "2019.04.20"]
[Round "5.9"]
[White "Garcia Espelta, Josep"]
[Black "Guix Torres, David"]
[Result "1/2-1/2"]
[WhiteElo "2037"]
[BlackElo "1972"]
[Annotator "NA"]
[PlyCount "100"]
[EventDate "2019.04.18"]
[EventType "swiss"]
[EventCountry "ESP"]
[SourceTitle "playchess.com"]
[Source "ChessBase"]
[SourceQuality "1"]
[TimeControl "5400+30"]

1. e4 c5 2. Nf3 Nc6 3. d4 cxd4 4. Nxd4 g6 5. c4 Nf6 6. Nc3 Nxd4 7. Qxd4 d6 8. Be3 Bg7 9. Be2 O-O 10. Qd2 Be6 11. Rc1 Qa5 12. b3 Rfc8 13. f3 a6 14. Nd5 Qxd2+ 15. Kxd2 Nxd5 16. cxd5 Bd7 17. Rxc8+ Rxc8 18. Rc1 Rxc1 19. Kxc1 Kf8 20. Bb6 e6 21. Kc2 Ke7 22. a4 exd5 23. exd5 Bf5+ 24. Bd3 Bxd3+ 25. Kxd3 Kd7 26. g4 Be5 27. h3 Bg3 28. Ke4 Be5 29. f4 Bb2 30. Be3 Ba1 31. f5 Be5 32. h4 Bg3 33. h5 Be5 34. Bf2 Bf6 35. fxg6 fxg6 36. Bg3 Bb2 37. Bf4 Bf6 38. Be3 Be5 39. Bd4 Bxd4 40. Kxd4 gxh5 41. gxh5 Ke7 42. Ke4 Kf6 43. a5 Kg5 44. h6 Kg4 45. Ke3 Kf5 46. Kf3 Kg5 47. Ke4 Kg4 48. Ke3 Kf5 49. Kf3 Kg5 50. Ke4 Kg4 1/2-1/2

[Event "CAT-ch Open-Women 2019"]
[Site "Platja de la Pineda"]
[Date "2019.04.20"]
[Round "5.10"]
[White "Campos Cayuelas, Adria"]
[Black "Barbero Sendic, Alejandro"]
[Result "1/2-1/2"]
[WhiteElo "2162"]
[BlackElo "2361"]
[Annotator "ChessBase"]
[PlyCount "54"]
[EventDate "2019.04.18"]
[EventType "swiss"]
[EventCountry "ESP"]
[SourceTitle "playchess.com"]
[Source "ChessBase"]
[SourceQuality "1"]
[TimeControl "5400+30"]

1. e4 e6 2. d4 d5 3. Nc3 Nf6 4. Bg5 dxe4 5. Nxe4 Be7 6. Bxf6 Bxf6 7. Nf3 Nd7 8. Bd3 c5 9. Nxf6+ Nxf6 10. O-O Qb6 11. dxc5 Qxc5 12. Re1 O-O 13. Ne5 b6 14. Qf3 Rb8 15. Qe3 Qxe3 16. Rxe3 Bb7 17. Rd1 Rfd8 18. Ree1 g5 19. Be2 Rxd1 20. Rxd1 Rc8 21. c3 Kg7 22. Bf3 Bd5 23. Bxd5 Nxd5 24. c4 Nf6 25. b3 Rc7 26. Kf1 Ne4 27. Rd7 Rxd7 1/2-1/2

[Event "CAT-ch Open-Women 2019"]
[Site "Platja de la Pineda"]
[Date "2019.04.20"]
[Round "5.10"]
[White "Biosca Caballe, Nestor"]
[Black "Martin Barcelo, Carles"]
[Result "0-1"]
[WhiteElo "1864"]
[BlackElo "2030"]
[Annotator "NA"]
[PlyCount "50"]
[EventDate "2019.04.18"]
[EventType "swiss"]
[EventCountry "ESP"]
[SourceTitle "playchess.com"]
[Source "ChessBase"]
[SourceQuality "1"]
[TimeControl "5400+30"]

1. e4 e6 2. d4 d5 3. Bd3 dxe4 4. Bxe4 Nf6 5. Bf3 c5 6. Ne2 Nc6 7. Be3 cxd4 8. Bxc6+ bxc6 9. Nxd4 Qc7 10. O-O Bd6 11. g3 O-O 12. Nc3 Bb7 13. Bg5 Nd7 14. f3 Bxg3 15. f4 c5 16. Ncb5 Qb6 17. hxg3 cxd4 18. Nxd4 f6 19. Kh2 fxg5 20. Qg4 Qxd4 21. Qxe6+ Rf7 22. Rad1 Qe4 23. Qxe4 Bxe4 24. Rd4 Bxc2 25. Rc1 Bf5 0-1

[Event "CAT-ch Open-Women 2019"]
[Site "Platja de la Pineda"]
[Date "2019.04.20"]
[Round "5.11"]
[White "Herrera Reyes, Jose Antonio"]
[Black "Del Amo Carbo, Jordi"]
[Result "1/2-1/2"]
[WhiteElo "2355"]
[BlackElo "2175"]
[Annotator "ChessBase"]
[PlyCount "155"]
[EventDate "2019.04.18"]
[EventType "swiss"]
[EventCountry "ESP"]
[SourceTitle "playchess.com"]
[Source "ChessBase"]
[SourceQuality "1"]
[TimeControl "5400+30"]

1. Nf3 Nf6 2. g3 d5 3. Bg2 e6 4. d3 Be7 5. O-O O-O 6. c3 c5 7. a3 Nc6 8. b4 b6 9. Nbd2 Bb7 10. Bb2 Rc8 11. Qb3 Qc7 12. Rac1 Rfd8 13. Rfe1 Nb8 14. Qa2 Bf8 15. e3 Qe7 16. bxc5 bxc5 17. c4 dxc4 18. dxc4 Ne4 19. Nb3 Nd7 20. a4 Ba8 21. Ba3 Ndf6 22. Qc2 Qd7 23. Ne5 Qxa4 24. Ra1 Rd2 25. Bc1 Rxc2 26. Rxa4 Bd6 27. Nf3 Bb8 28. Nfd2 Nxd2 29. Nxd2 Bxg2 30. Kxg2 Rd8 31. Ra5 Rc8 32. Kf3 Kf8 33. Rd1 Ke8 34. Ke2 Be5 35. Rxa7 Rd8 36. f3 Bc3 37. Rc7 Rxc1 38. Rxc1 Rxd2+ 39. Kf1 Bb4 40. Ra1 Rd7 41. Rxd7 Nxd7 42. Ra8+ Ke7 43. Ra7 Kd6 44. Ke2 Bc3 45. Kd3 Bf6 46. f4 g5 47. e4 gxf4 48. gxf4 Bd4 49. e5+ Ke7 50. Ke4 f6 51. exf6+ Bxf6 52. f5 exf5+ 53. Kxf5 Bd4 54. Ra6 Kf7 55. h4 Be3 56. h5 h6 57. Rd6 Nf8 58. Ke4 Bg5 59. Rc6 Nd7 60. Kf5 Ke7 61. Ra6 Kf7 62. Ra5 Ke7 63. Ra6 Kf7 64. Ra1 Ke7 65. Rd1 Nb6 66. Re1+ Kd7 67. Re4 Nc8 68. Kg6 Ne7+ 69. Kf7 Nc6 70. Re2 Nd8+ 71. Kg6 Ne6 72. Re5 Kd6 73. Rd5+ Kc6 74. Kf7 Nd8+ 75. Kg6 Ne6 76. Kf7 Nd8+ 77. Kg6 Ne6 78. Kf7 1/2-1/2

[Event "CAT-ch Open-Women 2019"]
[Site "Platja de la Pineda"]
[Date "2019.04.20"]
[Round "5.11"]
[White "Barberans Sola, Sebastia"]
[Black "Madria Garriga, Vidal"]
[Result "1/2-1/2"]
[WhiteElo "1935"]
[BlackElo "2017"]
[Annotator "NA"]
[PlyCount "107"]
[EventDate "2019.04.18"]
[EventType "swiss"]
[EventCountry "ESP"]
[SourceTitle "playchess.com"]
[Source "ChessBase"]
[SourceQuality "1"]
[TimeControl "5400+30"]

1. d4 Nf6 2. Bf4 g6 3. e3 Bg7 4. Be2 d6 5. Nf3 O-O 6. O-O Nc6 7. h3 e5 8. Bh2 Ne4 9. c3 f5 10. Qb3+ Kh8 11. Rd1 Qe7 12. Re1 Rb8 13. Qa3 Qf7 14. Nfd2 a6 15. Qb3 Be6 16. Qc2 b5 17. a3 d5 18. Nf3 g5 19. Nxe5 Nxe5 20. Bxe5 Bxe5 21. dxe5 f4 22. exf4 Qxf4 23. Bf3 Bf5 24. Qe2 Bg6 25. Bxe4 dxe4 26. Nd2 Rbe8 27. Qe3 Rxe5 28. f3 Rfe8 29. Qxf4 gxf4 30. fxe4 Bxe4 31. Nxe4 Rxe4 32. Kf2 Kg7 33. Rxe4 Rxe4 34. Rd1 Rc4 35. Rd7+ Kg6 36. Kf3 h6 37. Re7 Kf5 38. Re8 a5 39. Ra8 a4 40. Rb8 c6 41. Rd8 Kg6 42. Rd6+ Kg5 43. Re6 Kh5 44. Rf6 Kg5 45. Rf8 h5 46. Rf7 Rc5 47. Rxf4 Rd5 48. h4+ Kg6 49. Ke3 Rd1 50. Rf2 Rh1 51. Rd2 Kf5 52. Rd6 Rb1 53. Rd2 Kg4 54. Rf2 1/2-1/2

[Event "CAT-ch Open-Women 2019"]
[Site "Platja de la Pineda"]
[Date "2019.04.20"]
[Round "5.12"]
[White "Hernando Rodrigo, Julio Antonio"]
[Black "Ruperez, Miguel"]
[Result "0-1"]
[WhiteElo "2308"]
[BlackElo "2168"]
[Annotator "ChessBase"]
[PlyCount "102"]
[EventDate "2019.04.18"]
[EventType "swiss"]
[EventCountry "ESP"]
[SourceTitle "playchess.com"]
[Source "ChessBase"]
[SourceQuality "1"]
[TimeControl "5400+30"]

1. d4 Nf6 2. c4 e6 3. Nf3 Bb4+ 4. Bd2 a5 5. g3 d6 6. Bg2 Nbd7 7. O-O e5 8. e3 c6 9. Bc1 e4 10. Ng5 d5 11. c5 h6 12. Nh3 a4 13. a3 Ba5 14. Qxa4 Nf8 15. b4 Bxh3 16. Bxh3 Bc7 17. Qc2 N8h7 18. Bg2 h5 19. f3 exf3 20. Bxf3 Qd7 21. Bg2 h4 22. gxh4 Qg4 23. Rf3 Qxh4 24. Rh3 Qg4 25. e4 Nxe4 26. Nc3 O-O-O 27. Nxe4 dxe4 28. Qxe4 Qd1+ 29. Bf1 Nf6 30. Qf5+ Kb8 31. Bb2 Qd2 32. Qf2 Qg5+ 33. Qg2 Qf5 34. d5 Nxd5 35. Bc1 Be5 36. Ra2 Rxh3 37. Qxh3 Qb1 38. Re2 Bd4+ 39. Kh1 Qxc1 40. b5 Nf4 41. Qf3 Nxe2 42. bxc6 bxc6 43. Qb3+ Kc8 44. Qf3 Kc7 45. Qxe2 Re8 46. Qa6 Qxc5 47. h3 Qd5+ 48. Kh2 Qe5+ 49. Kh1 Qe4+ 50. Bg2 Qe1+ 51. Bf1 Qf2 0-1

[Event "CAT-ch Open-Women 2019"]
[Site "Platja de la Pineda"]
[Date "2019.04.20"]
[Round "5.12"]
[White "Saurina Suner, Francesc Xavier"]
[Black "Jul Perez, Alberto"]
[Result "0-1"]
[WhiteElo "2012"]
[BlackElo "1945"]
[Annotator "NA"]
[PlyCount "91"]
[EventDate "2019.04.18"]
[EventType "swiss"]
[EventCountry "ESP"]
[SourceTitle "playchess.com"]
[Source "ChessBase"]
[SourceQuality "1"]
[TimeControl "5400+30"]

1. e4 c5 2. Nf3 d6 3. d4 cxd4 4. Nxd4 Nf6 5. Nc3 g6 6. Bg5 Bg7 7. Bb5+ Bd7 8. Qe2 O-O 9. O-O-O Nc6 10. f4 Nxd4 11. Rxd4 Bxb5 12. Nxb5 Qa5 13. e5 dxe5 14. fxe5 Qxa2 15. Nc3 Qa1+ 16. Nb1 Rfe8 17. Bd2 a5 18. c3 a4 19. exf6 Bxf6 20. Rb4 a3 21. bxa3 Rxa3 22. Qd3 Rc8 23. Rc4 Rca8 24. Kd1 R3a6 25. Ke2 Rd6 26. Rd4 Bxd4 27. cxd4 Rxd4 28. Qb5 Ra2 29. Rf1 Kf8 30. Qb3 Raxd2+ 31. Nxd2 Rxd2+ 32. Kxd2 Qxf1 33. Qxb7 Qf4+ 34. Ke2 Qxh2 35. Kf2 Qf4+ 36. Kg1 Qd4+ 37. Kh2 h5 38. Qc8+ Kg7 39. Qe8 e5 40. Qe7 h4 41. Kh1 Qf4 42. Kg1 Qg3 43. Kh1 g5 44. Kg1 h3 45. Kf1 h2 46. Qd6 0-1

[Event "CAT-ch Open-Women 2019"]
[Site "Platja de la Pineda"]
[Date "2019.04.21"]
[Round "6.1"]
[White "Sosa Tomas, Valentin"]
[Black "Diaz Camallonga, Carles"]
[Result "0-1"]
[WhiteElo "2508"]
[BlackElo "2432"]
[Annotator "TA"]
[PlyCount "80"]
[EventDate "2019.04.18"]
[EventType "swiss"]
[EventCountry "ESP"]
[SourceTitle "playchess.com"]
[Source "ChessBase"]
[SourceQuality "1"]

{[%evp 10,80,27,-2,48,-10,42,21,21,9,22,4,35,26,33,24,44,0,12,13,22,-6,11,13,36,17,65,57,66,58,73,60,95,79,76,63,87,28,80,32,32,28,13,-248,-245,-266,-91,-88,-107,-97,-81,-149,-139,-335,-335,-312,-300,-290,-302,-384,-377,-381,-376,-372,-379,-382,-378,-1016,-670,-704,-704,-605,-588]} 1. Nf3 Nf6 2. g3 d5 3. Bg2 e6 4. O-O b5 5. d3 Bb7 6. Nbd2 Nbd7 {A05: Réti Opening: 1 Nf3 Nf6} 7. c4 (7. e4 $14) 7... a6 (7... bxc4 $11 8. dxc4 Be7) (7... bxc4 8. dxc4 Bd6 9. cxd5 exd5 10. Nd4 O-O 11. N2f3 Re8 12. Nf5 Bf8 13. b4 c6 14. Rb1 {½-½ (51) Svidler,P (2765)-Adly,A (2637) Riadh 2017}) 8. b3 Be7 {The position is equal.} 9. Bb2 O-O 10. Qc2 c6 11. e4 Qb6 12. e5 Ne8 13. h4 c5 14. cxd5 Bxd5 {[#]} 15. Rfe1 $146 Rc8 16. Ne4 Qb7 17. Rac1 Nb6 18. Nfg5 h6 19. Nh3 $1 Qd7 20. Nf4 Ba8 21. Qe2 Nd5 22. Nh5 Qd8 23. Qg4 (23. Nd6 $16) 23... Kh7 (23... g6 $11 {keeps the balance.}) 24. Nd6 Bxd6 25. exd6 {Black must now prevent Rxe6!} g6 26. Rxe6 $2 {[%mdl 8192]} (26. Bxd5 $11 {and White has nothing to worry.} Bxd5 27. Nf4 Qxd6 28. b4) 26... fxe6 $19 27. Qxe6 {And now d7 would win.} Ndf6 $2 (27... Nxd6 $19 {Threatens to win with ...Re8.} 28. Bxd5 Bxd5 29. Nf6+ Rxf6 30. Qxf6 Qxf6 31. Bxf6 Kg8) 28. Nxf6+ Nxf6 29. Bxa8 Rxa8 {[%cal Bc8a8,Ba8a7,Ba7f7][%mdl 32]} 30. Rxc5 ({White should try} 30. b4) 30... Ra7 $1 $17 {[#]} 31. h5 $2 {[#]} (31. Rc7+ $1 $17 {[%mdl 512] was the only chance.} Rxc7 32. dxc7 Qxc7 33. Bxf6) 31... Qd7 $1 $19 {[%cal Rd7e6]} ({Not} 31... gxh5 32. Rf5 $15) ({Inferior is} 31... Nxh5 {[#]} 32. Rxh5 $1 {[%mdl 512]} Raf7 33. Rc5 $14) 32. hxg6+ Kxg6 33. Qe5 Qg4 34. Kg2 Raf7 {Strongly threatening ...Nd7!} 35. f3 Qd7 36. Qf4 Re8 37. Be5 Qf5 38. Qe3 $2 (38. Qxf5+ Kxf5 39. Bf4+ Ke6 40. Re5+ Kd7 41. d4) 38... Nd7 {Black is clearly winning.} 39. g4 {[#]} Qxf3+ $1 {[%mdl 512]} 40. Qxf3 Rxf3 {Accuracy: White = 27%, Black = 43%.} 0-1